zpět

Detail výsledku týmu

Restaurace Tunel, Plzeň

Datum a čas kvízu

31.5 Celkem bodů Celkový počet nahraných bodů na tomto kvízu bez doplňovacích otázek.
4. Pořadí na kvízu Konečné umístění týmu na tomto kvízu.

Zaznamenané odpovědi

# Otázka Odpověď Body Výsledky
1. Správa informačních technologi... hašení požárů 1
2. Který stát, jehož premiéra vid... Švédsko 0
3. Minulý týden jsme se dozvěděli... Markéta Irglová 1
4. Česká národní banka oznámila,... 1 000 Kč 0
5. Automobilová legenda, trojnáso... Carlos Sainz 0
6. Mnemotechnická pomůcka je slov... v chemii 1
7. Na základě mnemotechnické pomů... (slon) indický, (slon) africký 1
8. S využitím pomocné věty „Sám u... 5 a 3 1
9. Uveďte větu o třech slovech, k... Šetři se osle. 0
10. Co má pomoci si zapamatovat vě... římské číslice 1